Statystyki dla Obwody w Rosji

Kliknij tutaj aby rozwiązać quiz!

Ogólne statystyki

  • Ten quiz został rozwiązany 195 razy
    (17 od ostatniego zresetowania)
  • Średni wynik to 10 z 46

Statystyki odpowiedzi

Obwód% Poprawnych
moskiewski
87%
królewiecki
53%
omski
53%
smoleński
53%
murmański
47%
sachaliński
47%
kurski
40%
leningradzki
40%
nowogrodzki
33%
pskowski
33%
rostowski
33%
wołgogradzki
33%
woroneski
33%
amurski
27%
astrachański
27%
biełgorodzki
27%
briański
27%
jarosławski
27%
orenburski
27%
samarski
27%
tomski
27%
archangielski
20%
irkucki
20%
magadański
20%
niżnonowogrodzki
20%
tulski
20%
twerski
20%
iwanowski
13%
kemerowski
13%
nowosybirski
13%
riazański
13%
saratowski
13%
włodzimierski
13%
czelabiński
7%
lipiecki
7%
penzeński
7%
tiumeński
7%
uljanowski
7%
kałuski
0%
kirowski
0%
kostromski
0%
kurgański
0%
orłowski
0%
swierdłowski
0%
tambowski
0%
wołogodzki
0%

Rozkład punktacji

Percentyl według liczby udzielonych odpowiedzi

Procent ludzi z każdym wynikiem

Twoja historia wyników

Nie rozwiązałeś tego quizu od ostatniego zresetowania